00494cam a2200181 a 4500001000800000005001700008008004100025010001700066020001500083040001800098041000800116080000800124082001600132100000700148101000800155245011000163504003900273382332420180222032421.0860423s1986 enka b 011 0 eng  a 86008580  a0521304547 aDLCcDLCdDLC aeng a33900a339 HEL219 a53 aMNG00aSocial choice and public decision making /cedited by Walter P. Heller, Ross M. Starr, David A. Starrett. aIncludes bibliographies and index.